000 00738nam a2200217 i 4500
001 91743
003 ES-MaACL
005 20231221193623.0
007 t|
008 050210s1921 sp ||||1| spa d
080 _a821.134.2 Dicenta, Joaquín 1.06
100 1 _aGonzález-Blanco, Andrés,
_d1886-1924
_958459
245 1 0 _aJoaquín Dicenta
_b: antología crítica de sus obras /
_cpor Andrés González-Blanco.
260 _aMadrid :
_bLa Novela Corta,
_c1921.
300 _a32 p. ;
_c20 cm.
490 1 _aLa novela corta ;
_v281
600 0 4 _aDicenta, Joaquín,
_d1863-1917-
_xCrítica e interpretación
_944475
830 0 _aLa novela corta ;
_v281
_9182142
852 _aES-MaACL
_j2185-F-14
_bR.135436
999 _c91743
_d91743